| 000 -LEADER |
| fixed length control field |
00477cam a22001217a 4500 |
| 008 - FIXED-LENGTH DATA ELEMENTS--GENERAL INFORMATION |
| fixed length control field |
180718b1980 xxu||||| |||| 00| 0 eng d |
| 020 ## - INTERNATIONAL STANDARD BOOK NUMBER |
| International Standard Book Number |
0 7044 0404 4 |
| 082 ## - DEWEY DECIMAL CLASSIFICATION NUMBER |
| Classification number |
Y13x42 Un3 |
| 245 ## - TITLE STATEMENT |
| Title |
Role of the local authority in land programming and the process of private residential development |
| Statement of responsibility, etc. |
by Centre for Urban and Regional Studies |
| 260 ## - PUBLICATION, DISTRIBUTION, ETC. |
| Place of publication, distribution, etc. |
Birmingham |
| Name of publisher, distributor, etc. |
Centre for Urban and Regional Studies |
| Date of publication, distribution, etc. |
1980 |
| 300 ## - PHYSICAL DESCRIPTION |
| Extent |
vii,37p |
| 700 ## - ADDED ENTRY--PERSONAL NAME |
| Personal name |
U.K.Centre for Urban and Regional Studies |